• 首页
  • 本馆介绍
  • 公告通知
  • 最新文献
  • 馆藏检索
  • 电子资源
  • 读者导购
  • 参考咨询
  • 我的图书馆
  • 登录
  • 详细信息显示
  • 放入我的书架
  • 预约/预借图书
  • 作者相关作品
  • 分类相关作品
  • 丛书相关作品
  • 出版社相关作品

书目信息

  • 表格格式
  • 工作单格式
  • 卡片格式
题名:
微服务架构深度解析
    
 
作者: 王佩华 编著
分册:  
出版信息: 北京   电子工业出版社  2021
页数: 18,561页
开本: 24cm
丛书名:
单 册:
中图分类: TP368.5
科图分类:
主题词: 网络服务器
电子资源:
ISBN: 978-7-121-41238-7
000 01327nam0 2200241 450
001 2333090997
005 20231129091143.92
010    @a978-7-121-41238-7@dCNY118.00
100    @a20210629d2021 em y0chiy50 ea
101 0  @achi
102    @aCN@b110000
105    @aa z 000yy
200 1  @a微服务架构深度解析@Awei fu wu jia gou shen du jie xi@e原理、实践与进阶@f王佩华编著
210    @a北京@c电子工业出版社@d2021
215    @a18,561页@c图@d24cm
314    @a王佩华,毕业于天津理工大学,目前就职于京东公司,任架构师,从事多年金融及电信行业分布式系统架构的设计及研发管理工作。
330    @a本书从微服务架构的设计理念和方法论切入,从不同角度全面介绍微服务特性、使用场景、组织流程、构建交互、部署交付等软件工程各个关键环节和核心要素,既包含了具体微服务技术的源码解读、原理分析,也加入了作者在电信、金融领域积累的真实案例和实践经验。全书分为原理篇、实践篇、进阶篇。原理篇涵盖微服务的概念、采用前提、领域驱动设计、DevOps;实践篇对Spring Boot、Spring Cloud 治理框架、系统集成、微服务数据架构、微服务交付、微服务的监控等重要技术话题展开深入讲解;进阶篇主要介绍函数式编程及响应式微服务架构、Kubernetes、云原生架构生态。
517 1  @a原理、实践与进阶@Ayuan li 、shi jian yu jin jie
606 0  @a网络服务器
690    @aTP368.5@v5
701  0 @a王佩华@Awang pei hua@4编著
801  0 @aCN@b山东中教@c20231126
905    @aBZT@dTP368.5@e11
    
    微服务架构深度解析:原理、实践与进阶/王佩华编著.-北京:电子工业出版社,2021
    18,561页:图;24cm
    
    
    ISBN 978-7-121-41238-7:CNY118.00
    本书从微服务架构的设计理念和方法论切入,从不同角度全面介绍微服务特性、使用场景、组织流程、构建交互、部署交付等软件工程各个关键环节和核心要素,既包含了具体微服务技术的源码解读、原理分析,也加入了作者在电信、金融领域积累的真实案例和实践经验。全书分为原理篇、实践篇、进阶篇。原理篇涵盖微服务的概念、采用前提、领域驱动设计、DevOps;实践篇对Spring Boot、Spring Cloud 治理框架、系统集成、微服务数据架构、微服务交付、微服务的监控等重要技术话题展开深入讲解;进阶篇主要介绍函数式编程及响应式微服务架构、Kubernetes、云原生架构生态。
●
相关链接 在五车中查询图书 在当当中查询图书 在豆瓣中查询图书


正题名:微服务架构深度解析     索取号:TP368.5/11         预约/预借

序号 登录号 条形码 馆藏地/架位号 状态 备注
1 2001184636   2001184636   东辅楼二楼书库/ [索取号:TP368.5/11] 在馆    
2 2001184637   2001184637   东辅楼二楼书库/ [索取号:TP368.5/11] 在馆    
3 2001184638   2001184638   东辅楼二楼书库/ [索取号:TP368.5/11] 在馆    
4 2001184639   2001184639   东辅楼二楼书库/ [索取号:TP368.5/11] 在馆    
5 2001184640   2001184640   东辅楼二楼书库/ [索取号:TP368.5/11] 在馆    
6 2001184641   2001184641   东辅楼二楼书库/ [索取号:TP368.5/11] 在馆    
7 2001184642   2001184642   东辅楼二楼书库/ [索取号:TP368.5/11] 在馆    
8 2001184643   2001184643   东辅楼二楼书库/ [索取号:TP368.5/11] 在馆    
9 2001184644   2001184644   东辅楼二楼书库/ [索取号:TP368.5/11] 在馆    
10 2001184645   2001184645   东辅楼二楼书库/ [索取号:TP368.5/11] 在馆    
11 2001184646   2001184646   东辅楼二楼书库/ [索取号:TP368.5/11] 在馆    
12 2001184647   2001184647   东辅楼二楼书库/ [索取号:TP368.5/11] 在馆    
13 2001184648   2001184648   东辅楼二楼书库/ [索取号:TP368.5/11] 在馆    
14 2001184649   2001184649   东辅楼二楼书库/ [索取号:TP368.5/11] 在馆    
15 2001184650   2001184650   东辅楼二楼书库/ [索取号:TP368.5/11] 在馆    
16 2001184651   2001184651   东辅楼二楼书库/ [索取号:TP368.5/11] 在馆    
17 2001185614   2001185614   东辅楼二楼书库/ [索取号:TP368.5/11] 在馆    
18 2001185615   2001185615   东辅楼二楼书库/ [索取号:TP368.5/11] 在馆    
19 2001185616   2001185616   东辅楼二楼书库/ [索取号:TP368.5/11] 在馆    
20 2001185617   2001185617   东辅楼二楼书库/ [索取号:TP368.5/11] 在馆    
21 2001185618   2001185618   东辅楼二楼书库/ [索取号:TP368.5/11] 在馆    
22 2001185619   2001185619   东辅楼二楼书库/ [索取号:TP368.5/11] 在馆    
23 2001185620   2001185620   东辅楼二楼书库/ [索取号:TP368.5/11] 在馆    
24 2001185621   2001185621   东辅楼二楼书库/ [索取号:TP368.5/11] 在馆    
25 2001185622   2001185622   东辅楼二楼书库/ [索取号:TP368.5/11] 在馆    
26 2001185623   2001185623   东辅楼二楼书库/ [索取号:TP368.5/11] 在馆    
27 2001185624   2001185624   东辅楼二楼书库/ [索取号:TP368.5/11] 在馆    
28 2001185625   2001185625   东辅楼二楼书库/ [索取号:TP368.5/11] 在馆    
29 2001188784   2001188784   中教(第二批第二书库)/山东中教(第二批)/1887/ [索取号:TP368.5/11] 在馆    
30 2001188785   2001188785   中教(第二批第二书库)/山东中教(第二批)/1887/ [索取号:TP368.5/11] 在馆    
山东省滨州职业学院图书馆 欢迎您!
大连网信软件有限公司© 版权所有